Звёздные войны (Запись № 10795688)

Подробности
000 -МАРКЕР
контрольное поле 01860nam0a2200409 i 4500
001 - ИДЕНТИФИКАТОР ЗАПИСИ
контрольное поле RU\NLR\BIBL_A\010960139
005 - ИДЕНТИФИКАТОР ВЕРСИИ
контрольное поле 20260405090329.0
010 ## - МЕЖДУНАРОДНЫЙ СТАНДАРТНЫЙ НОМЕР КНИГИ (ISBN)
Номер (ISBN) 9785170940653
Тираж 4000
021 ## - НОМЕР ГОСУДАРСТВЕННОЙ РЕГИСТРАЦИИ
Код страны Российская Федерация
Номер 2015-101331
Номер Листа государственной регистраци 6309
035 ## - ДРУГИЕ СИСТЕМНЫЕ НОМЕРА
Идентификатор записи (NILC)RuMoRGB-008108009
035 ## - ДРУГИЕ СИСТЕМНЫЕ НОМЕРА
Идентификатор записи (NLR Aleph) 010960139
100 ## - ДАННЫЕ ОБЩЕЙ ОБРАБОТКИ
Данные общей обработки 20160128d2016 m y0rusy50 ca
101 1# - ЯЗЫК РЕСУРСА
Язык текста, звукозаписи и т.д. русский
Язык оригинала английский
102 ## - СТРАНА ПУБЛИКАЦИИ ИЛИ ПРОИЗВОДСТВА
Страна публикации Российская Федерация
105 ## - ПОЛЕ КОДИРОВАННЫХ ДАННЫХ: ТЕКСТОВЫЕ МАТЕРИАЛЫ, МОНОГРАФИЧЕСКИЕ
Кодированные данные о монографическом текстовом документе a z 001ay
200 1# - ЗАГЛАВИЕ И СВЕДЕНИЯ ОБ ОТВЕТСТВЕННОСТИ
Основное заглавие Звёздные войны
Наименование части Полная история
Первые сведения об ответственности Кевин Андерсон, Дэниел Уоллес
Последующие сведения об ответственности ил.: Билл Хьюз
-- [пер. с англ.: А. Бродоцкая и др.]
210 ## - ПУБЛИКАЦИЯ, РАСПРОСТРАНЕНИЕ И ДР.
Место издания, распространения и т.д. Москва
Имя издателя, распространителя и т. д. Прайм
-- АСТ
Дата издания, распространения и т.д. 2016
215 ## - ФИЗИЧЕСКАЯ ХАРАКТЕРИСТИКА
Специфическое обозначение материала и объем 223, [1] с.
Другие сведения о физической характеристике ил.
Размеры 27
225 1# - СЕРИЯ
Основное заглавие серии Звёздные войны
Наименование части Большая библиотека
300 ## - ОБЩИЕ ПРИМЕЧАНИЯ
Текст примечания На тит. л. в вых. дан.: New York: The Ballantine Pablishing Group
320 ## - ПРИМЕЧАНИЯ О НАЛИЧИИ В ДОКУМЕНТЕ БИБЛИОГРАФИИ / УКАЗАТЕЛЯ
Текст примечания Алф. указ. в конце кн.
333 ## - ПРИМЕЧАНИЯ ОБ ОСОБЕННОСТЯХ РАСПРОСТРАНЕНИЯ И ИСПОЛЬЗОВАНИЯ
Текст примечания 12+
605 ## - ЗАГЛАВИЕ КАК ПРЕДМЕТ
Начальный элемент ввода "Звездные войны"
Сведения, относящиеся к заглавию / сведения о виде, жанре, характере документа киноэпопея
Системный номер авторитетной/нормативной записи 2555279
Идентификатор авторитетной/нормативной записи RU\NLR\AUTH\661511844
606 1# - НАИМЕНОВАНИЕ ТЕМЫ КАК ПРЕДМЕТ
Наименование темы Научно-фантастическая литература
Формальный подзаголовок Энциклопедии
Тематический подзаголовок Образы
Географический подзаголовок Соединенные Штаты Америки
Системный номер авторитетной/нормативной записи 2334983
Идентификатор авторитетной/нормативной записи RU\NLR\AUTH\661396078
675 ## - УНИВЕРСАЛЬНАЯ ДЕСЯТИЧНАЯ КЛАССИФИКАЦИЯ (UDC/УДК)
Индекс 821.111(73)
686 1# - ИНДЕКСЫ ДРУГИХ КЛАССИФИКАЦИЙ
Индекс Ш5(7США)6-33,5
686 1# - ИНДЕКСЫ ДРУГИХ КЛАССИФИКАЦИЙ
Индекс Щ374.3(7США)6"Звездные войны"
700 #1 - ИМЯ ЛИЦА - ПЕРВИЧНАЯ ОТВЕТСТВЕННОСТЬ
Графика поля Кириллица
Материалы, к которым относится поле rus
Начальный элемент ввода Андерсон
Часть имени, кроме начального элемента ввода К. Д.
Дополнения к именам, кроме дат писатель-фантаст
Даты 1962-
Расширение инициалов личного имени Кевин Дж.
Системный номер авторитетной/нормативной записи 223087
Идентификатор авторитетной/нормативной записи RU\NLR\AUTH\770223143
701 #1 - ИМЯ ЛИЦА - АЛЬТЕРНАТИВНАЯ ОТВЕТСТВЕННОСТЬ
Материалы, к которым относится поле rus
Графика поля Кириллица
Начальный элемент ввода Уоллес
Часть имени, кроме начального элемента ввода Д.
Даты 1959-
Расширение инициалов личного имени Дэниел
Идентификатор авторитетной/нормативной записи RU\NLR\AUTH\7732049
Системный номер авторитетной/нормативной записи 15059
702 #1 - ИМЯ ЛИЦА - ВТОРИЧНАЯ ОТВЕТСТВЕННОСТЬ
Начальный элемент ввода Хьюз
Часть имени, кроме начального элемента ввода Б.
Расширение инициалов личного имени Билл
Код отношения Иллюстратор
801 #0 - ИСТОЧНИК ЗАПИСИ
Страна Российская Федерация
Организация РГБ
Дата составления 20151229
Правила каталогизации RCR
801 #1 - ИСТОЧНИК ЗАПИСИ
Страна Российская Федерация
Организация РГБ
Дата составления 20151229
Источник данных rusmarc
942 ## - ДОПОЛНИТЕЛЬНЫЕ ЭЛЕМЕНТЫ ЗАПИСИ (АБИС)
Тип экземпляра АБИС Книга
980 ## - КОЛЛЕКЦИЯ
Название коллекции НБР

Нет доступных экземпляров.